Brontosaurio / (Registro nro. 32839)
[ vista simple ]
| 000 -CABECERA | |
|---|---|
| Longitud fija campo de control | 01147nam a2200349 a 4500 |
| 003 - • IDENTIFICADOR DELl NÚMERO DE CONTROL | |
| Identificador del número de control | CO-ViMGA |
| 005 - • FECHA Y HORA DE LA ÚLTIMA TRANSACCIÓN | |
| Fecha y hora de la última transacción | 20230915232047.0 |
| 008 - • CÓDIGOS DE INFORMACIÓN DE LONGITUD FIJA | |
| Códigos de información de longitud fija | 141112s2004 ck r 000 u spa d |
| 017 ## - NÚMERO DE COPYRIGHT O DE DEPÓSITO LEGAL | |
| Número de copyright o de depósito legal | M 3330 - 2005 Oficina Depósito Legal Madrid |
| 020 ## - • NÚMERO INTERNACIONAL NORMALIZADO PARA LIBROS | |
| Número Internacional Normalizado para Libros (ISBN) | 9788426374745 |
| 040 ## - FUENTE DE LA CATALOGACIÓN | |
| Centro catalogador de origen | CO-ViMGA |
| Lengua de catalogación | spa |
| Centro transcriptor | CO-ViMGA |
| 080 ## - NÚMERO DE LA CLASIFICACIÓN DECIMAL UNIVERSAL | |
| Número de la Clasificación Decimal Universal | 087.5 : 745.54 |
| 100 1# - • PUNTO DE ACCESO PRINCIPAL-NOMBRE DE PERSONA | |
| Nombre de persona | Schever, Rikki |
| 245 10 - • TITULO PROPIAMENTE DICHO | |
| Título | Brontosaurio / |
| Mención de responsabilidad, etc. | Rikki Schever, ilustraciones Matt Baay, traducción Celia Turrión Penelas |
| 300 ## - • DESCRIPCIÓN FÍSICA | |
| Extensión | [14] p. il. |
| 490 ## - • MENCIÓN DE SERIE | |
| Mención de serie | Papiroflexia |
| 500 ## - • NOTA GENERAL | |
| Nota general | Libro troquelado en espuma |
| 594 ## - | |
| -- | Tít. tomado de la cub. |
| 650 14 - • PUNTO DE ACCESO ADICIONAL DE MATERIA - TÉRMINO DE MATERIA | |
| Término de materia o nombre geográfico como elemento inicial | Dinosaurios - Cuentos infantiles |
| 700 1# - • PUNTO DE ACCESO ADICIONAL - NOMBRE DE PERSONA | |
| Nombre de persona | Baay, Matt, il. |
| 926 ## - | |
| -- | BNALCALA SG_PETANTI 12/316828 FONDO_MODE 1 |
| 927 ## - | |
| -- | BNALCALA |
| 942 ## - ENTRADA DE ELEMENTOS AGREGADOS (KOHA) | |
| Fuente de clasificaión o esquema | Dewey Decimal Classification |
| Koha [por defecto] tipo de item | LIbro |
| 956 ## - LOCALIZACIÓN Y ACCESO ELECTRÓNICO LOCAL (OCLC) | |
| Nombre de la fuente | 2 |
| 980 ## - EQUIVALENCIA O SECCIÓN-REFERENCIA-INFORME SERIES--NOMBRE / TÍTULO DE PERSONA [LOCAL, CANADA] | |
| Nombre personal | 017. M 3330 - 2005 020. 84 - 9736 - 443 - 0 852. 40 M - BN BNALCALA MO04717737 12/316828 DG ALCALA |
| Perdido | Fuente de clasificación o esquema | Estado Físico | No para préstamo | Forma de adquisición | Localización permanente | Localización actual | Fecha adquisición | Serie de enumeración / cronolog&íacute;a | Préstamos totales | Signatura completa | Código de barras | Fecha última consulta | Número de copia | Fecha del precio de reemplazo | Tipo de item de Koha |
|---|---|---|---|---|---|---|---|---|---|---|---|---|---|---|---|
| Dewey Decimal Classification | Sala Infantil Segundo Piso | Biblioteca Pública Germán Arciniegas - Villavicencio | Biblioteca Pública Germán Arciniegas - Villavicencio | 12/04/2015 | 28/ago/2013 | SCHb | 26161 | 12/04/2015 | Ej. 1 | 12/04/2015 | LIbro |